000
00310 a2200133 4500
001
154161
040
_c
Escola São Tomás de Aquino
240
1
0
_a
Minidicionário saraiva
_l
por
245
1
0
_a
Minidicionário saraiva
362
0
_a
2003
440
1
_a
Saraiva
697
_a
Dicionários espanhol
942
_c
BK
999
_c
154161
_d
154161